000 00470nam a2200181Ia 4500
005 20250508154022.0
008 008 250505s9999 xx 000 0 eng d
037 _aTextual
040 _aFEDL
_beng
_cFEDL
041 _aeng
_2eng
084 _a513.5, WEL
_qFEDL
100 _aWelchons A M
245 0 _aPlane geometry
260 _aBoston, USA
_bGinn and Company
_c1933
300 _a544p.
942 _cTEXL
_h513.5, WEL
999 _c1347072
_d1347072